Sports Quiz

Random Sports or NHL Quiz
Score 0/8 Timer 01:30
1 Play Today
% Correct
Minnesota Vikings
84.9%
Cleveland Cavaliers
58.8%
Dallas Mavericks
56.5%
Baltimore Ravens
54.1%
Atlanta Braves
43.4%
Minnesota Timberwolves
42.6%
Colorado Avalanche
40.6%
New Jersey Devils
26.8%
Remove Ads.
Support Sporcle.
Get the best of Sporcle when you Go Orange. This ad-free experience offers more features, more stats, and more fun while also helping to support Sporcle. Thank you for becoming a member.

You're not logged in!

Compare scores with friends on all Sporcle quizzes.
OR
Log In

Show Comments

Extras

Top Quizzes Today


Score Distribution

Your Account Isn't Verified!

In order to create a playlist on Sporcle, you need to verify the email address you used during registration. Go to your Sporcle Settings to finish the process.

Report this User

Report this user for behavior that violates our Community Guidelines.

Details: